| 000 | 01362nam a2200265Ia 4500 | ||
|---|---|---|---|
| 999 |
_c56411 _d56411 |
||
| 001 | 23524 | ||
| 003 | GE_BSU | ||
| 005 | 20220530104735.0 | ||
| 008 | 181216s2003||||ge |||||||||||||| ||geo|| | ||
| 020 | _a99928912623 | ||
| 040 | _cGE_BSU | ||
| 041 | _ageo | ||
| 080 | _a94(479.22)"10/11 შ-48 | ||
| 100 |
_aშენგელია, ნოდარ _913872 |
||
| 245 |
_aმცირე აზიის სელჩუკები და საქართველო = The Asia Minor Seljuks and Georgia = Сельджуки Малой Азии и Грузия : _b (XI საუკუნის უკანასკნელი მეოთხედი-XII საუკუნე) / _cნოდარ შენგელია; [რედ.: რ. მეტრეველი]. |
||
| 264 |
_aთბილისი : _b უნ-ტის გამ-ბა, _c2003. |
||
| 300 |
_a504 გვ. ; _b20 სმ. |
||
| 501 | _aსაძიებელი: გვ. 494-498. | ||
| 520 | _a რეზ. რუს. და ინგლ. ენ. | ||
| 653 | _aისტორია | ||
| 653 | _aსაქართველოს ისტორია -- XI-XII სს. | ||
| 653 | _aთურქ-სელჩუკები საქართველოში. | ||
| 700 |
_aმეტრეველი, რ. _eრედაქტორი _913873 |
||
| 942 |
_cBK _2udc |
||